Antimikrobiálna účinnosť syntetických izotiokyanátov. II. Niektoré aromatické izotiokyanaty
Uložené v:
| Hlavný autor: | |
|---|---|
| Médium: | Kniha |
| Jazyk: | Slovak |
| Vydané: |
V Bratislave :
Vydavatel'stvo Slovenskej Akademie Vied,
1958.
|
| Vydanie: | 1. vyd. |
| Edícia: | Biologicke práce : edícia Sekcie biologických a lekárskych vied Slovenskej akadémie vied
IV/9 |
| ISBN: |
(brož.) |
| Fyzický popis: |
51 s. + : il. |
| Tagy: |
Pridať tag
Žiadne tagy, Buďte prvý kto otaguje tento záznam!
|
Titul je dostupný aj v ... 

MARC
| LEADER | 00000nam a2200000 a 4500 | ||
|---|---|---|---|
| 001 | 000466192 | ||
| 005 | 20150425113328.0 | ||
| 008 | 050723 1958 xo e slo d | ||
| 020 | |a (brož.) |c Kčs 4,65 | ||
| 040 | |a SVKKK |b slo |c SVKKK |e AACR2 | ||
| 041 | 0 | |a slo | |
| 044 | |a xo |c SK | ||
| 245 | 0 | 0 | |a Antimikrobiálna účinnosť syntetických izotiokyanátov. |n II. |p Niektoré aromatické izotiokyanaty |c Pavel Nemec ... [et al.]. |
| 246 | 3 | 0 | |a Niektore aromatické izotiokyanaty |
| 250 | |a 1. vyd. | ||
| 260 | |a V Bratislave : |b Vydavatel'stvo Slovenskej Akademie Vied, |c 1958. | ||
| 300 | |a 51 s. + : |b il. | ||
| 490 | 1 | |a Biologicke práce : edícia Sekcie biologických a lekárskych vied Slovenskej akadémie vied |v IV/9 | |
| 700 | 1 | |a Němec, Pavel |d 1912-1987 |4 aut | |
| 830 | 0 | |a Biologicke práce : edícia Sekcie biologických a lekárskych vied Slovenskej akadémie vied |v IV/9 | |
| 910 | |a svkkk | ||
| 998 | |a BK | ||
| 090 | |g SCKHL |k Sklad Pribinova 1. posch. |a IV.14832 |j 173860 |i 466192-20 |s Prezenčne | ||
| 090 | |g SCKHL |k Sklad Pribinova 1. posch. |a IV.17026 |j 178423 |i 466192-10 |s Prezenčne | ||